Оценка чувствительности технических характеристик асинхронных рольганговых электродвигателей к технологическим погрешностям; Известия Томского политехнического института [Известия ТПИ]; Т. 242 : Электрические машины

Opis bibliograficzny
Parent link:Известия Томского политехнического института [Известия ТПИ]/ Томский политехнический институт (ТПИ).— , 1944-1976
Т. 242 : Электрические машины.— 1972.— [С. 104-108]
1. autor: Днепровский В. В.
Kolejni autorzy: Муравлев О. П. Олег Павлович
Streszczenie:Заглавие с титульного листа
Электронная версия печатной публикации
Język:rosyjski
Wydane: 1972
Hasła przedmiotowe:
Dostęp online:Черно-белая версия для предварительного просмотра
Цветная версия без потери качества
Format: Elektroniczne Rozdział
KOHA link:https://koha.lib.tpu.ru/cgi-bin/koha/opac-detail.pl?biblionumber=228502

MARC

LEADER 00000nla2a2200000 4500
001 228502
005 20231031201555.0
035 |a (RuTPU)RU\TPU\book\248977 
035 |a RU\TPU\book\248976 
090 |a 228502 
100 |a 20121219d1972 k y0rusy50 ca 
101 0 |a rus 
102 |a RU 
135 |a drnn ---uucaa 
181 0 |a i  
182 0 |a b 
200 1 |a Оценка чувствительности технических характеристик асинхронных рольганговых электродвигателей к технологическим погрешностям  |b Электронный ресурс  |f В. В. Днепровский, О. П. Муравлев 
203 |a Текст  |c электронный 
215 |a 2 файла (270 Кб, 7.3 Мб) 
230 |a Электронные текстовые данные (2 файла : 270 Кб, 7.3 Мб) 
300 |a Заглавие с титульного листа 
300 |a Электронная версия печатной публикации 
320 |a [Библиогр.: с. 108 (6 назв.)] 
337 |a Adobe Reader 
461 1 |0 (RuTPU)RU\TPU\book\200995  |t Известия Томского политехнического института [Известия ТПИ]  |f Томский политехнический институт (ТПИ)  |d 1944-1976 
463 1 |0 (RuTPU)RU\TPU\book\248945  |t Т. 242 : Электрические машины  |v [С. 104-108]  |d 1972  |p 246 с. 
610 1 |a электронный ресурс 
610 1 |a труды учёных ТПУ 
700 1 |a Днепровский  |b В. В. 
701 1 |a Муравлев  |b О. П.  |c специалист в области электротехники  |c профессор Томского политехнического университета, доктор технических наук  |f 1937-  |g Олег Павлович  |2 stltpush  |3 (RuTPU)RU\TPU\pers\19841 
801 1 |a RU  |b 63413507  |c 20090320  |g PSBO 
801 2 |a RU  |b 63413507  |c 20130328  |g PSBO 
856 4 |u http://www.lib.tpu.ru/fulltext/v/Bulletin_TPU/1972/v242/20_bw.pdf  |z Черно-белая версия для предварительного просмотра 
856 4 |u http://www.lib.tpu.ru/fulltext/v/Bulletin_TPU/1972/v242/20_full.pdf  |z Цветная версия без потери качества 
942 |c CF